Fundamentals of Physics I: Mechanics, Relativity, and Thermodynamics
| Hlavní autor: | |
|---|---|
| Médium: | Neznámo |
| Vydáno: |
Yale University Print
2019
|
| LEADER | 00241 a2200085 4500 | ||
|---|---|---|---|
| 020 | |a 9780300243772 | ||
| 100 | |a R. Shankar | ||
| 245 | |a Fundamentals of Physics I: Mechanics, Relativity, and Thermodynamics | ||
| 260 | |b Yale University Print |c 2019 | ||
| 999 | |c 43180 |d 43180 | ||